[Event "Police Gniota Memorial 27th"]
[Site "Police"]
[Date "2012.07.11"]
[Round "1"]
[White "Radwan, Leszek"]
[Black "Shishkin, Vadim"]
[Result "0-1"]
[WhiteElo "2091"]
[BlackElo "2485"]
[PlyCount "50"]
[EventDate "2012.07.11"]
[EventType "swiss"]
[EventRounds "9"]
[EventCountry "POL"]
[SourceTitle "CBM 149 Extra"]
[Source "ChessBase"]
[SourceDate "2012.08.24"]
[SourceVersion "1"]
[SourceVersionDate "2012.08.24"]
[SourceQuality "1"]

1. d4 g6 2. c4 Bg7 3. e4 Nc6 4. Ne2 e5 5. d5 Nd4 6. Nbc3 a6 7. Be3 c5 8. dxc6 dxc6 9. Qd2 Be6 10. Rd1 c5 11. Nd5 Bxd5 12. exd5 Ne7 13. Ng3 f5 14. f4 Nc8 15. fxe5 Bxe5 16. Bd3 0-0 17. 0-0 Nd6 18. Bf4 Nf7 19. Bxe5 Nxe5 20. Rde1 Qd6 21. Qf4 Rae8 22. Rd1 Qe7 23. Qd2 Qh4 24. Rf4 Ng4 25. Nf1 g5 0-1

[Event "Police Gniota Memorial 24th"]
[Site "Police"]
[Date "2009.07.10"]
[Round "3"]
[White "Przybylski, Wojciech"]
[Black "Radwan, Leszek"]
[Result "1/2-1/2"]
[WhiteElo "2345"]
[BlackElo "2146"]
[PlyCount "113"]
[EventDate "2009.07.08"]
[EventType "swiss"]
[EventRounds "9"]
[EventCountry "POL"]
[SourceTitle "CBM 131 Extra"]
[Source "ChessBase"]
[SourceDate "2009.09.03"]
[SourceVersion "2"]
[SourceVersionDate "2009.09.16"]
[SourceQuality "1"]

1. e4 c5 2. Nf3 d6 3. d4 cxd4 4. Nxd4 Nf6 5. Nc3 a6 6. Be3 e6 7. Be2 Be7 8. 0-0 0-0 9. f4 Nbd7 10. Bf3 Qc7 11. Qe1 Nb6 12. Rd1 d5 13. e5 Ne8 14. Bf2 Bb4 15. Rd3 Na4 16. a3 Bxc3 17. bxc3 Nb2 18. Re3 Nc4 19. Rd3 Nb2 20. Re3 Nc4 21. Re2 Nxa3 22. f5 Nb5 23. Nxb5 axb5 24. f6 gxf6 25. exf6 Nxf6 26. Bd4 Ne8 27. Bh5 f6 28. Bxe8 e5 29. Rxe5 fxe5 30. Qg3+ Qg7 31. Qxg7+ Kxg7 32. Bxe5+ Kg8 33. Bxb5 Rxf1+ 34. Kxf1 Bf5 35. c4 Be6 36. cxd5 Bxd5 37. Bd3 Rf8+ 38. Kg1 Re8 39. Bd4 Be4 40. Bc4+ Kf8 41. c3 Ke7 42. g4 Kd6 43. Kf2 Bd5 44. Bb5 Bc6 45. Bc4 Bd5 46. Bb5 Bc6 47. Bd3 Be4 48. Be2 Bd5 49. Bd1 b5 50. g5 Ra8 51. h4 Ra1 52. Bg4 Ra2+ 53. Ke3 Be6 54. Bd1 Ra1 55. Bc2 Rh1 56. Bxh7 Rxh4 57. Ke2 1/2-1/2

[Event "Police Gniota Memorial 23rd"]
[Site "Police"]
[Date "2008.07.12"]
[Round "4"]
[White "Radwan, Leszek"]
[Black "Poltorzycki, Dzemil"]
[Result "1/2-1/2"]
[WhiteElo "2163"]
[BlackElo "1954"]
[PlyCount "20"]
[EventDate "2008.07.09"]
[EventType "swiss"]
[EventRounds "9"]
[EventCountry "POL"]
[SourceTitle "CBM 125 Extra"]
[Source "ChessBase"]
[SourceDate "2008.09.01"]
[SourceVersion "1"]
[SourceVersionDate "2008.09.01"]
[SourceQuality "1"]

1. Nf3 c5 2. c4 Nf6 3. Nc3 Nc6 4. g3 g6 5. Bg2 Bg7 6. 0-0 0-0 7. d3 d6 8. a3 a6 9. Qc2 Qc7 10. Rb1 Rb8 1/2-1/2

[Event "Police Gniota Memorial 23rd"]
[Site "Police"]
[Date "2008.07.10"]
[Round "2"]
[White "Radwan, Leszek"]
[Black "Jagerflod, Kent"]
[Result "1-0"]
[WhiteElo "2163"]
[BlackElo "2016"]
[PlyCount "67"]
[EventDate "2008.07.09"]
[EventType "swiss"]
[EventRounds "9"]
[EventCountry "POL"]
[SourceTitle "CBM 125 Extra"]
[Source "ChessBase"]
[SourceDate "2008.09.01"]
[SourceVersion "1"]
[SourceVersionDate "2008.09.01"]
[SourceQuality "1"]

1. Nf3 Nf6 2. g3 b6 3. Bg2 Bb7 4. d3 d6 5. 0-0 g6 6. c4 Bg7 7. Nc3 0-0 8. e4 c5 9. Ne1 Nfd7 10. f4 e6 11. Nb5 d5 12. Nd6 dxe4 13. Nxb7 Qc7 14. Bxe4 f5 15. Nd8 fxe4 16. Nxe6 Qd6 17. Nxf8 Nxf8 18. Qe2 exd3 19. Qxd3 Bd4+ 20. Be3 Nc6 21. Nf3 Rd8 22. Bxd4 cxd4 23. a3 Ne6 24. b4 a5 25. Ne5 Ne7 26. Rab1 Nf5 27. Ng4 Kg7 28. Rfe1 h5 29. Ne5 Rf8 30. Qe4 Rf6 31. Qb7+ Kg8 32. bxa5 bxa5 33. Rb6 Qxa3 34. Rxe6 1-0

[Event "Police Gniota Memorial 22nd"]
[Site "Police"]
[Date "2007.07.16"]
[Round "6"]
[White "Chlost, Marlena"]
[Black "Radwan, Leszek"]
[Result "0-1"]
[WhiteElo "2120"]
[BlackElo "2170"]
[PlyCount "54"]
[EventDate "2007.07.11"]
[EventType "swiss"]
[EventRounds "9"]
[EventCountry "POL"]
[SourceTitle "CBM 119 Extra"]
[Source "ChessBase"]
[SourceDate "2007.09.04"]
[SourceVersion "1"]
[SourceVersionDate "2007.09.04"]
[SourceQuality "1"]

1. e4 c5 2. Nf3 d6 3. d4 cxd4 4. Nxd4 Nf6 5. Nc3 a6 6. f3 g6 7. Be3 Bg7 8. Qd2 0-0 9. 0-0-0 Nc6 10. Kb1 d5 11. Nxc6 bxc6 12. exd5 cxd5 13. Nxd5 Nxd5 14. Qxd5 Qc7 15. Qc5 Qb8 16. Bd4 e5 17. Bc3 Bf5 18. Rd6 Rc8 19. Qb6 Rxc3 20. bxc3 Qe8 21. Qc6 Rb8+ 22. Ka1 Qe7 23. Bxa6 e4 24. Rhd1 exf3 25. Qxf3 Bxc2 26. R6d2 Bxd1 27. Rxd1 Qa3 0-1

[Event "Police Gniota Memorial 22nd"]
[Site "Police"]
[Date "2007.07.15"]
[Round "5"]
[White "Radwan, Leszek"]
[Black "Jacek, Krystian"]
[Result "1/2-1/2"]
[WhiteElo "2170"]
[BlackElo "1940"]
[PlyCount "79"]
[EventDate "2007.07.11"]
[EventType "swiss"]
[EventRounds "9"]
[EventCountry "POL"]
[SourceTitle "CBM 119 Extra"]
[Source "ChessBase"]
[SourceDate "2007.09.04"]
[SourceVersion "1"]
[SourceVersionDate "2007.09.04"]
[SourceQuality "1"]

1. Nf3 Nf6 2. g3 g6 3. Bg2 Bg7 4. 0-0 0-0 5. c4 d6 6. Nc3 e5 7. d3 Nc6 8. a3 Ne8 9. Bd2 h6 10. b4 f5 11. Rc1 Be6 12. Ne1 Rb8 13. Nd5 g5 14. Bc3 Ne7 15. Nxe7+ Qxe7 16. b5 g4 17. Qa4 Nf6 18. c5 Nd5 19. cxd6 cxd6 20. Bd2 Qd7 21. e4 fxe4 22. Bxe4 a6 23. Ng2 axb5 24. Qd1 Ne7 25. Ne3 d5 26. Bg2 d4 27. Nc2 Nd5 28. Nb4 Ra8 29. Nxd5 Bxd5 30. Bxd5+ Qxd5 31. Qxg4 Qf3 32. Qe6+ Qf7 33. Qb6 Rxa3 34. Bb4 Ra6 35. Qxb5 Rd8 36. Ba5 Rd5 37. Rc5 Rxc5 38. Qxc5 Qf3 39. Qb5 Qc6 40. Qb3+ 1/2-1/2

[Event "POL-chT 2nd div North"]
[Site "Lublin"]
[Date "1999.??.??"]
[Round "8"]
[White "Komorzycki, Jakub"]
[Black "Radwan, Leszek"]
[Result "1/2-1/2"]
[WhiteElo "2165"]
[BlackElo "2235"]
[PlyCount "60"]
[EventDate "1999.09.11"]
[EventType "team-swiss"]
[EventRounds "8"]
[EventCountry "POL"]
[SourceTitle "EXT 2003"]
[Source "ChessBase"]
[SourceDate "2002.11.25"]
[SourceVersion "1"]
[SourceVersionDate "2002.11.25"]
[SourceQuality "1"]
[WhiteTeam "Deblin Czarni"]
[BlackTeam "Olsztyn Smialy Police/AZS WSP"]
[WhiteTeamCountry "POL"]
[BlackTeamCountry "POL"]

1. e4 c5 2. Ne2 d6 3. g3 Nf6 4. Bg2 g6 5. c3 Bg7 6. d4 Nbd7 7. 0-0 0-0 8. Kh1 Qc7 9. f4 Rb8 10. e5 Ne8 11. g4 b5 12. Nd2 Nb6 13. Ng3 b4 14. Nde4 bxc3 15. bxc3 cxd4 16. cxd4 Ba6 17. Rf3 dxe5 18. fxe5 Rd8 19. Bf4 Bb7 20. Rc1 Qd7 21. Rd3 Nc7 22. Kg1 Ne6 23. Nc5 Nxc5 24. Rxc5 Bxg2 25. Kxg2 Nd5 26. Bd2 f6 27. Kg1 fxe5 28. dxe5 e6 29. Bc3 Qe7 30. Rdxd5 exd5 1/2-1/2

[Event "POL-chT 2nd div North"]
[Site "Lublin"]
[Date "1999.??.??"]
[Round "4"]
[White "Myc, Marcin"]
[Black "Radwan, Leszek"]
[Result "1-0"]
[WhiteElo "2295"]
[BlackElo "2235"]
[PlyCount "60"]
[EventDate "1999.09.11"]
[EventType "team-swiss"]
[EventRounds "8"]
[EventCountry "POL"]
[SourceTitle "EXT 2003"]
[Source "ChessBase"]
[SourceDate "2002.11.25"]
[SourceVersion "1"]
[SourceVersionDate "2002.11.25"]
[SourceQuality "1"]
[WhiteTeam "Podlaskie Tow Szachowe"]
[BlackTeam "Olsztyn Smialy Police/AZS WSP"]
[WhiteTeamCountry "POL"]
[BlackTeamCountry "POL"]

1. d4 Nf6 2. Bg5 e6 3. Nd2 d5 4. Ngf3 Nbd7 5. e3 Bd6 6. c4 c6 7. Be2 0-0 8. 0-0 h6 9. Bh4 Re8 10. Qc2 Be7 11. Rac1 Nf8 12. Bd3 N6d7 13. Bxe7 Qxe7 14. e4 dxe4 15. Nxe4 Nf6 16. c5 Nxe4 17. Bxe4 Rd8 18. Rfd1 Bd7 19. Qb3 Rab8 20. Ne5 Be8 21. Qa3 a6 22. Nc4 Nd7 23. Qg3 Nf6 24. Bb1 Nd5 25. Qd3 g6 26. g3 h5 27. h4 Nf6 28. Qe3 Nd5 29. Qh6 Qf8 30. Qg5 Qe7 1-0

[Event "POL-chT 2nd div North"]
[Site "Lublin"]
[Date "1999.??.??"]
[Round "3"]
[White "Radwan, Leszek"]
[Black "Owczarzak, Jerzy"]
[Result "1/2-1/2"]
[WhiteElo "2235"]
[BlackElo "2185"]
[PlyCount "60"]
[EventDate "1999.09.11"]
[EventType "team-swiss"]
[EventRounds "8"]
[EventCountry "POL"]
[SourceTitle "EXT 2003"]
[Source "ChessBase"]
[SourceDate "2002.11.25"]
[SourceVersion "1"]
[SourceVersionDate "2002.11.25"]
[SourceQuality "1"]
[WhiteTeam "Olsztyn Smialy Police/AZS WSP"]
[BlackTeam "Poznan Pocztowiec II"]
[WhiteTeamCountry "POL"]
[BlackTeamCountry "POL"]

1. Nf3 Nf6 2. c4 g6 3. g3 Bg7 4. Bg2 0-0 5. 0-0 d5 6. cxd5 Nxd5 7. d4 Nc6 8. Nbd2 Nb6 9. Nb3 e5 10. e3 Rb8 11. dxe5 Nxe5 12. Nxe5 Bxe5 13. Qc2 Qe7 14. Bd2 Na4 15. Nd4 Bd7 16. b3 c5 17. bxa4 cxd4 18. exd4 Bxd4 19. Rac1 Qa3 20. Qc4 Bb2 21. Rb1 Rfc8 22. Qb4 Qxb4 23. Bxb4 Be5 24. Rfe1 Re8 25. Rxe5 Rxe5 26. Bd6 Ree8 27. Bxb8 Rxb8 28. Rxb7 Rxb7 29. Bxb7 Bxa4 30. Kf1 Kf8 1/2-1/2